01744cam a22003857a 4500003000500000005001700005008004100022010001000063011001000073035001000083040000900093090001000102100004600112245011800158260004100276300003000317502011100347590003700458590004100495590004100536590004100577590004200618650004200660650004000702901000700742905002400749942000900773949005500782949005500837949004200892999001700934952014000951952014001091952012701231CHAP20220329142156.0000131d mx r 00110 spa d a79598 a80570 a91021 cCHAP aTesis00aGaucín Piedra, Salvador Darío.94728810aAnálisis del crédito agropecuario en el estado de Durango (1990-1998)c/ por Salvador Darío Gaucín Piedra aChapingo, Méx. :bEl autor,c1999. a95 h. :bgráfs. ; anexo aTesis (Ing. Agr. Esp. en Economía Agrícola) -- UACH. División de Ciencias Económico-Administrativo aALEPHb10c20130110lUCH01h1432 aBATCH-UPDb10c20130110lUCH01h0336 aBATCH-UPDb10c20130410lUCH01h0009 aBATCH-UPDb10c20130914lUCH01h1102 aCONVERSIONb10c20130109lUCH01h134414aCrédito agrícolaxDurango.92905014aCrédito ganaderozDurango.929123 aBK aPatricia Mendoza P. cFOLL bBCcTESd33724000753935eTS2fc.3h35160i91021sb bBCcTESd33724000753943eTS2fc.2h35159i91021sb bBCcTESd910211eTS1h35158i91021sb c79598d79598 00102local4053708TESISaBCbBCcPA_TESISd2019-12-31fTESISl0oTesisp33724000753935r2019-12-31 00:00:00tc.3w2019-12-31yTESIS 00102local4053708TESISaBCbBCcPA_TESISd2019-12-31fTESISl0oTesisp33724000753943r2019-12-31 00:00:00tc.2w2019-12-31yTESIS 00102local4051708TESISaBCbBCcPA_TESISd2019-12-31fTESISl0oTesisp910211r2019-12-31 00:00:00w2019-12-31yTESIS